[Event "POL-chT2"]
[Site "Jastrzebia Gora POL"]
[Date "2016.09.??"]
[Round "1.1"]
[White "Kolago, Marcin"]
[Black "Gazik, Viktor"]
[Result "1-0"]
[WhiteElo "2328"]
[BlackElo "2431"]
[EventDate "2016.09.05"]

1.e4 c5 2.Nf3 d6 3.c3 Nf6 4.Bd3 g6 5.O-O Bg7 6.Bc2 O-O 7.d4 Qc7 8.Bf4 Bg4 
9.Nbd2 cxd4 10.cxd4 Nc6 11.Be3 Rfc8 12.Rc1 d5 13.e5 Nd7 14.h3 Bxf3 15.Nxf3
e6 16.h4 Qb6 17.b3 Bf8 18.Bb1 Ba3 19.Rc3 Nb4 20.Rxc8+ Rxc8 21.h5 Qc7 22.
hxg6 fxg6 23.Bh6 Nf8 24.Ng5 Qe7 25.Qg4 Rc6 26.g3 Na6 27.Qf4 Nb8 28.Kg2 
Nbd7 29.Rh1 Qe8 30.Qg4 Rc1 31.Bd3 Rxh1 32.Kxh1 Bc1 33.f4 Qc8 34.Nxe6 Nxe5 
35.dxe5 Qxe6 36.Be2 Qxg4 37.Bxg4 Kf7 38.Bf3 d4 39.Bxb7 Ne6 40.Bd5 Ba3 41.
Kg2 Ke7 42.g4 d3 43.f5 gxf5 44.gxf5 Nd4 45.Be4 Nc2 46.Bg5+ Kf8 47.Kf3 Bb2 
48.e6 Nd4+ 49.Kg4 1-0

[Event "POL-chT2"]
[Site "Jastrzebia Gora POL"]
[Date "2016.09.??"]
[Round "1.2"]
[White "Panczyk, Krzysztof"]
[Black "Wiewiora, Eneasz"]
[Result "1-0"]
[WhiteElo "2361"]
[BlackElo "2253"]
[EventDate "2016.09.05"]

1.d4 Nf6 2.c4 g6 3.Nc3 Bg7 4.e4 d6 5.Bd3 O-O 6.Nge2 c5 7.d5 e6 8.O-O exd5 
9.exd5 Ng4 10.h3 Ne5 11.Ng3 f5 12.f4 Nxd3 13.Qxd3 Na6 14.a3 Bd7 15.Bd2 Re8
16.Rae1 Rb8 17.Nb5 Bxb5 18.cxb5 Nc7 19.Bc3 Qd7 20.a4 Bh6 21.b4 Qf7 22.Rd1 
b6 23.Rf3 Bg7 24.Bxg7 Qxg7 25.Nxf5 Qf8 26.Ng3 cxb4 27.Qd4 Qg7 28.Qxb4 Kh8 
29.Qxd6 Rbd8 30.Qc6 Ne6 31.Re3 Nc7 32.Rxe8+ Nxe8 33.d6 Nf6 34.Ne4 Nxe4 35.
Qxe4 Qf6 36.Qe5 Kg7 37.Kf2 Kf7 38.Qxf6+ Kxf6 39.d7 h5 40.Kg3 Kf5 41.Rd4 
Kf6 42.Kh4 Kf5 43.g4+ Ke6 44.Kg5 hxg4 45.hxg4 Kf7 46.Rd6 1-0

[Event "POL-chT2"]
[Site "Jastrzebia Gora POL"]
[Date "2016.09.??"]
[Round "1.3"]
[White "Mulet, Piotr"]
[Black "Sarwinski, Miroslaw"]
[Result "1/2-1/2"]
[WhiteElo "2234"]
[BlackElo "2301"]
[EventDate "2016.09.05"]

1.e4 e5 2.Nf3 Nc6 3.Nc3 Nf6 4.Bb5 Bb4 5.O-O Bxc3 6.bxc3 O-O 7.d3 d6 8.Bg5 
Bd7 9.Re1 Ne7 10.a4 c6 11.Bc4 Ng6 12.Nh4 Nxh4 13.Bxh4 h6 14.d4 g5 15.Bg3 
Qe7 16.a5 b5 17.Bf1 Rfe8 18.f3 a6 19.c4 Nh5 20.Bf2 Nf4 21.cxb5 cxb5 22.c4 
Reb8 23.dxe5 dxe5 24.Bb6 bxc4 25.Bxc4 Be6 26.Bf1 Rc8 27.Rc1 Rxc1 28.Qxc1 
Qb4 29.Qb1 Qxb1 30.Rxb1 Bd7 31.Bc7 f6 32.g3 Ne6 33.Bb6 Kf7 34.Bc4 Ke7 35.
Kf2 Bc6 36.Ke3 Kd6 37.Rb2 Ke7 38.Kd3 Kd6 39.Kc3 Ke7 40.Be3 Kd7 41.Bb6 Ke7 
42.h3 h5 43.Be3 g4 44.hxg4 hxg4 45.fxg4 Bxe4 46.Rb6 Nc7 47.Bc5+ Ke8 48.
Rxf6 Nd5+ 49.Bxd5 Bxd5 50.g5 Rc8 51.Kb4 Rc6 52.Rf5 Ba2 53.Rxe5+ Kf7 54.
Re7+ Kg6 55.Ra7 Kxg5 56.Rd7 Be6 57.Rd4 Bf7 58.Bd6 Be6 59.Be7+ Kg6 60.g4 
Bf7 61.g5 Re6 62.Bd8 Rc6 63.Rh4 Kf5 64.Be7 Re6 65.Bd8 Re4+ 66.Rxe4 Kxe4 
67.Kc5 Kf5 68.Kb6 Bc4 1/2-1/2

[Event "POL-chT2"]
[Site "Jastrzebia Gora POL"]
[Date "2016.09.??"]
[Round "1.4"]
[White "Gmaj, Krzysztof"]
[Black "Raszka, Janusz"]
[Result "1-0"]
[WhiteElo "2183"]
[BlackElo "2119"]
[EventDate "2016.09.05"]

1.e4 c5 2.Nf3 e6 3.b3 d5 4.exd5 exd5 5.Bb5+ Bd7 6.Bxd7+ Qxd7 7.Ne5 Qf5 8.
O-O Bd6 9.Bb2 Nf6 10.Re1 O-O 11.Na3 Re8 12.Qf3 Qg5 13.Nb5 Bxe5 14.Bxe5 
Nbd7 15.Bf4 Qg6 16.Nc7 Rxe1+ 17.Rxe1 Rd8 18.Nxd5 Qxc2 19.Bg5 Re8 20.Nxf6+ 
Nxf6 21.Rxe8+ Nxe8 22.g3 Nd6 23.Bf4 Qe4 24.Kg2 Qe6 25.Bxd6 Qxd6 26.Qxb7 h5
27.Qc8+ Kh7 28.Qf5+ Kh6 29.Qxf7 Qxd2 30.Qf4+ Qxf4 31.gxf4 Kg6 32.Kf3 Kf5 
33.h3 a5 34.a4 Ke6 35.Ke4 g6 36.h4 Kf6 37.Kd5 Kf5 38.Kxc5 Kxf4 39.b4 axb4 
40.Kxb4 g5 41.hxg5 h4 42.g6 h3 43.g7 h2 44.g8=Q h1=Q 45.Qc4+ Kf5 46.Qc5+ 
Ke6 47.a5 Qb1+ 48.Kc4 Qf1+ 49.Kb4 Qb1+ 50.Ka4 Qf1 51.Qb6+ Ke7 52.a6 Qd1+ 
53.Qb3 Qf1 54.Qe3+ Kd6 55.Qb6+ Ke7 56.a7 Qd1+ 57.Kb5 Qd3+ 58.Kc6 Qd7+ 59.
Kc5 Qf5+ 60.Kb4 Qb1+ 61.Ka5 Qa2+ 62.Kb5 Qb3+ 63.Ka6 Qc4+ 64.Kb7 Qd5+ 65.
Qc6 1-0

[Event "POL-chT2"]
[Site "Jastrzebia Gora POL"]
[Date "2016.09.??"]
[Round "1.5"]
[White "Sapeta, Robert"]
[Black "Morkisz, Bogdan"]
[Result "1/2-1/2"]
[WhiteElo "2082"]
[BlackElo "2048"]
[EventDate "2016.09.05"]

1.e4 e6 2.d3 d5 3.Nd2 Nf6 4.Ngf3 c5 5.Qe2 Be7 6.g3 Nc6 7.Bg2 Qc7 8.O-O b6 
9.Re1 Bb7 10.e5 Nd7 11.Nf1 h6 12.h4 O-O-O 13.c4 dxc4 14.dxc4 g5 15.hxg5 
hxg5 16.Bxg5 Bxg5 17.Nxg5 Ndxe5 18.f4 Nd3 19.Red1 Ndb4 20.a3 Na6 21.Rxd8+ 
Rxd8 22.Rd1 Nd4 23.Bxb7+ Qxb7 24.Qg2 Qxg2+ 25.Kxg2 f6 26.Ne4 f5 27.Ng5 Nb8
28.Nh2 Nbc6 29.Nhf3 Kd7 30.Nf7 Rc8 31.N7e5+ Ke7 32.Rh1 Nxe5 33.Nxe5 Kd6 
34.Rh7 Rc7 35.Rh8 Nc6 36.Nd3 Rd7 37.Kf2 Kc7 38.Ke3 Rg7 39.Kf3 Rd7 40.Ne5 
Nd4+ 41.Kf2 Re7 42.b4 cxb4 43.axb4 Nc6 44.b5 Nxe5 45.fxe5 Kb7 46.Ke3 a5 
47.bxa6+ Kxa6 48.Rg8 b5 49.cxb5+ Kxb5 50.Kf4 Kc5 51.Kg5 Kd5 52.Kf6 Rh7 53.
Ra8 Rh6+ 54.Kg5 Rh3 55.Kf4 Rh7 56.Rd8+ Kc5 57.Rd6 Rh6 58.Kg5 Rh3 59.Kf4 
Rh6 60.Kg5 Rh3 61.Rxe6 Kd5 62.Rd6+ Kc5 63.Re6 Kd5 64.Re8 Rxg3+ 65.Kxf5 
Rf3+ 1/2-1/2

[Event "POL-chT2"]
[Site "Jastrzebia Gora POL"]
[Date "2016.09.??"]
[Round "1.6"]
[White "Gazikova, Veronika"]
[Black "Mareckova, Martina"]
[Result "0-1"]
[WhiteElo "2231"]
[BlackElo "2137"]
[EventDate "2016.09.05"]

1.e4 e5 2.Nf3 Nc6 3.Bc4 Bc5 4.c3 Nf6 5.d3 O-O 6.Bb3 d5 7.Qe2 dxe4 8.dxe4 
Qe7 9.h3 Be6 10.Bc2 a5 11.Nbd2 Rfd8 12.Nf1 Ne8 13.Ng5 Bd7 14.Bb3 Nd6 15.
Ng3 h6 16.Nf3 Be6 17.Bxe6 Qxe6 18.Nh4 Ne7 19.O-O Qf6 20.Qg4 Ne8 21.Nh5 Qb6
22.Qg3 Qe6 23.Kh1 Ra6 24.f4 Qc4 25.Qe1 exf4 26.Bxf4 Re6 27.e5 Ng6 28.Nf5 
Qd3 29.Bxh6 Rxe5 30.Qg3 Qxg3 31.Nhxg3 gxh6 32.Nxh6+ Kg7 33.Nxf7 Rd3 34.
Nxe5 Nxe5 35.Rae1 Bd6 36.Nf5+ Kg6 37.Nxd6 cxd6 38.Rd1 Nf6 39.Kg1 Ne4 40.
Rfe1 Kf5 41.Rxd3 Nxd3 42.Re2 Kf4 43.Kh2 d5 44.Kg1 b5 45.Kh2 a4 46.Kg1 Nc1 
47.Re1 Nxa2 48.Ra1 Naxc3 49.bxc3 Nxc3 50.Kf2 b4 51.g3+ Kg5 52.Ke3 b3 0-1

[Event "POL-chT2"]
[Site "Jastrzebia Gora POL"]
[Date "2016.09.??"]
[Round "1.7"]
[White "Ponizil, Cyril"]
[Black "Cyborowski, Lukasz"]
[Result "1-0"]
[WhiteElo "2462"]
[BlackElo "2530"]
[EventDate "2016.09.05"]

1.e4 c5 2.Nf3 Nc6 3.Nc3 e6 4.d4 cxd4 5.Nxd4 Qc7 6.Be3 Nf6 7.Be2 Be7 8.O-O 
O-O 9.f4 d6 10.Qe1 Nxd4 11.Bxd4 Bd7 12.e5 Ne8 13.Rd1 Bc6 14.Kh1 Rd8 15.Bd3
dxe5 16.Bxe5 Bd6 17.Qh4 h6 18.Nb5 Bxb5 19.Bxb5 Qe7 20.Qxe7 Bxe7 21.Rxd8 
Bxd8 22.Rd1 Nf6 23.Be2 Be7 24.Bf3 b6 25.c4 Rc8 26.b3 Kf8 27.g3 Rd8 28.
Rxd8+ Bxd8 29.b4 Nd7 30.Bd4 Bf6 31.Be3 Be7 32.Bd2 Ke8 33.Kg2 Kd8 34.h4 Kc7
35.h5 g6 36.a3 Kd6 37.Be3 Bf6 38.hxg6 fxg6 39.Be4 g5 40.Kh3 Bb2 41.a4 Bc3 
42.b5 gxf4 43.Bxf4+ Kc5 44.Bxh6 Kxc4 45.Bc2 Nc5 46.g4 Kb4 47.Bf8 Ka5 48.
Bxc5 bxc5 49.g5 c4 50.Kg4 a6 51.bxa6 Kxa6 52.Kh5 Ka5 53.Kg6 Ba1 54.Kf7 e5 
55.Be4 c3 56.Bc2 1-0

[Event "POL-chT2"]
[Site "Jastrzebia Gora POL"]
[Date "2016.09.??"]
[Round "1.8"]
[White "Nurkiewicz, Maciej"]
[Black "Piesik, Piotr"]
[Result "1/2-1/2"]
[WhiteElo "2373"]
[BlackElo "2278"]
[EventDate "2016.09.05"]

1.e4 g6 2.d4 Bg7 3.Nc3 c6 4.Bc4 b5 5.Bb3 b4 6.Nce2 d5 7.exd5 cxd5 8.a3 
bxa3 9.Rxa3 Nf6 10.Nf3 O-O 11.O-O Nc6 12.Ne5 Bb7 13.Nf4 e6 14.Nxc6 Bxc6 
15.Nd3 Nd7 16.Qg4 Bb5 17.Rd1 Qb6 18.c3 Rfc8 19.Ba4 h5 20.Qf3 Bxa4 21.Rxa4 
Qb5 22.Ra1 a5 23.Bg5 a4 24.Be7 Bf8 25.Bxf8 Kxf8 26.Ra3 Kg7 27.Rda1 Nb6 28.
Ne5 Rc7 29.Qg3 Rb7 30.Nd3 Nc4 31.R3a2 Qe8 32.h4 Rb3 33.Nc5 Rxb2 34.Rxa4 
Rxa4 35.Rxa4 Qb8 36.Qxb8 Rxb8 37.Rb4 Ra8 38.Ra4 Rb8 39.Rb4 Ra8 40.Ra4 Rxa4
41.Nxa4 Nd6 42.g3 Kf6 43.f3 Nb5 44.Kf2 Kf5 45.Ke3 f6 46.Kd3 g5 47.Nc5 gxh4
48.gxh4 Nd6 49.Ke3 Nc4+ 50.Ke2 e5 51.dxe5 fxe5 52.Nd3 Nd6 53.Ne1 Ke6 54.
Kd3 Kf5 55.Ng2 Ke6 56.Ne3 Nf5 57.Ng2 Kd6 58.c4 Ne7 59.cxd5 Nxd5 60.f4 exf4
1/2-1/2

[Event "POL-chT2"]
[Site "Jastrzebia Gora POL"]
[Date "2016.09.??"]
[Round "1.9"]
[White "Flis, Jacek"]
[Black "Szymanski, Marcin"]
[Result "0-1"]
[WhiteElo "2262"]
[BlackElo "2398"]
[EventDate "2016.09.05"]

1.e4 e6 2.d4 d5 3.Nd2 Be7 4.Bd3 c5 5.dxc5 Nf6 6.Qe2 Nc6 7.Ngf3 O-O 8.O-O 
Bxc5 9.e5 Nd7 10.Nb3 Be7 11.c3 a5 12.a4 b6 13.Nbd4 Nxd4 14.Nxd4 Nc5 15.Bc2
Ba6 16.Nb5 Bxb5 17.Qxb5 Qd7 18.Qe2 f5 19.Be3 Qc7 20.Bd4 Na6 21.Rad1 Bc5 
22.Rfe1 Bxd4 23.Rxd4 Rfc8 24.Rh4 Nc5 25.f3 Qe7 26.Rd4 Rab8 27.Bd3 Nb3 28.
Bb5 Nxd4 29.cxd4 Rc7 30.Qd3 Qb4 31.Re2 Rbc8 32.Kf2 Qe7 33.g3 Rc1 34.Rd2 
Qc7 35.Qe2 Rh1 36.Kg2 Rc1 37.Ba6 Ra8 38.Bb5 Qe7 39.Qd3 Rac8 40.Re2 R8c7 
41.Rf2 Qg5 42.Qb3 Qe7 43.Qd3 Kf7 44.Kh3 Rg1 45.Qe3 h6 46.Be2 Kg8 47.f4 g5 
48.g4 h5 0-1

[Event "POL-chT2"]
[Site "Jastrzebia Gora POL"]
[Date "2016.09.??"]
[Round "1.10"]
[White "Protaziuk, Grzegorz"]
[Black "Paszewski, Mateusz"]
[Result "1-0"]
[WhiteElo "2349"]
[BlackElo "2293"]
[EventDate "2016.09.05"]

1.e4 c5 2.Nf3 Nc6 3.Bb5 g6 4.O-O Bg7 5.c3 Nf6 6.Re1 O-O 7.d4 cxd4 8.cxd4 
d5 9.e5 Ne4 10.Bxc6 bxc6 11.Nbd2 Bf5 12.Nh4 Be6 13.Nxe4 dxe4 14.Rxe4 c5 
15.Nf3 Bd5 16.Re1 Bxf3 17.Qxf3 cxd4 18.Bg5 Rb8 19.Qa3 Rb7 20.Rad1 f6 21.
exf6 exf6 22.Bf4 Re8 23.b3 Rbe7 24.Rxe7 Rxe7 25.h3 g5 26.Bd2 Rd7 27.Qa4 h6
28.Ba5 Qc8 29.Rxd4 Qc1+ 30.Kh2 Rxd4 31.Qxd4 Qa3 32.Qc4+ Kh8 33.Qc8+ Kh7 
34.Qc2+ Kh8 35.Bc3 Qc5 36.Qd2 a6 37.Qd4 Qf5 38.Qe3 Qc2 39.Qd2 Qf5 40.g4 
Qf3 41.Qe3 Qc6 42.Bd4 Bf8 43.Qc3 Qd6+ 44.Kg2 Kg7 45.Qc4 Be7 46.Bc3 Bd8 47.
Bb4 Qe5 48.Qd3 Bc7 49.Qd7+ Kg6 50.Qd3+ Kg7 51.Bc3 Qh2+ 52.Kf1 Qh1+ 53.Ke2 
Qc6 54.Qc4 Qd6 55.Qe4 Bd8 56.Bb4 Qd7 57.Bc5 a5 58.Qd3 Qe6+ 59.Be3 Bb6 60.
Qc4 Qe5 61.Qd3 Bxe3 62.Qxe3 Qb2+ 63.Qd2 Qe5+ 64.Kf1 Kg8 65.Qe2 Qh2 66.Qd3 
Qe5 67.Qg6+ Kf8 68.Qxh6+ Kg8 69.Qg6+ Kf8 70.Qc2 Qh2 71.Qd3 Qh1+ 72.Ke2 Qh2
73.Qd8+ Kf7 74.Qxa5 Qxh3 75.Qd5+ Kf8 76.Qf3 Qh6 77.a4 Ke7 78.a5 Qf8 79.a6 
1-0

[Event "POL-chT2"]
[Site "Jastrzebia Gora POL"]
[Date "2016.09.??"]
[Round "1.11"]
[White "Tomaszewski, Roman"]
[Black "Sliwerski, Radoslaw"]
[Result "1/2-1/2"]
[WhiteElo "2315"]
[BlackElo "2135"]
[EventDate "2016.09.05"]

1.d4 Nf6 2.c4 e6 3.Nc3 Bb4 4.Qc2 c5 5.dxc5 Nc6 6.Nf3 Bxc5 7.Bf4 O-O 8.e3 
d5 9.a3 d4 10.O-O-O Qa5 11.exd4 Nxd4 12.Nxd4 Bxd4 13.Bd6 Bxc3 14.Bxf8 
Bxb2+ 15.Qxb2 Kxf8 16.f3 Bd7 17.Qb4+ Qxb4 18.axb4 Ke7 19.Kb2 a6 20.Bd3 Rc8
21.Kb3 Bc6 22.Rhe1 h6 23.Re3 b6 24.Ra1 Bb7 25.Bf1 Nd7 26.Bd3 Nf6 27.g3 Rd8
28.Be2 Rd2 29.Ra2 Rd7 30.Rd3 Rc7 31.Ra1 Nd7 32.Re3 Nb8 33.f4 Nc6 34.Rd1 a5
35.b5 Nb8 36.f5 Nd7 37.fxe6 Nc5+ 38.Kb2 fxe6 39.Rd4 Rc8 40.Bg4 g5 41.Rd2 
Ne4 42.Rde2 Rxc4 43.Bf3 Rb4+ 44.Ka3 Nd6 45.Rxe6+ Kd7 46.Rxd6+ Kxd6 47.Bxb7
Rxb5 48.Rf2 Ke7 49.Rc2 h5 50.Rc6 h4 51.g4 Kf7 52.Ba6 Rc5 53.Rxb6 Rc2 54.
Rb5 Kf6 55.Rf5+ Kg6 56.Rxa5 Rxh2 57.Bd3+ Kf6 58.Rf5+ Ke7 59.Kb3 Rh3 60.Kc4
Rg3 61.Rxg5 Kf6 62.Rg6+ Ke5 63.Bf5 h3 64.Rh6 Ra3 65.Bd7 Kf4 66.Kd4 Ra7 67.
Bf5 Kg3 68.g5 Kf4 69.Bxh3 Kxg5 70.Rb6 Ra4+ 71.Ke5 Ra5+ 72.Kd6 Kf4 73.Rb4+ 
Ke3 74.Bg2 Rg5 75.Bd5 Rg6+ 76.Kc5 Rg7 77.Re4+ Kd3 78.Rf4 Rc7+ 79.Kd6 Ra7 
80.Ke5 Re7+ 81.Be6 Kc3 82.Rf3+ Kd2 83.Kd5 Re8 84.Bf5 Rf8 85.Ke5 Re8+ 86.
Kf4 Rd8 87.Rb3 Rd4+ 88.Kf3 Rd5 89.Ke4 Rd8 90.Be6 Re8 91.Rb6 Rd8 92.Bd5 Rh8
93.Kd4 Rc8 94.Ra6 Rc7 95.Ra3 Rc8 96.Rd3+ Ke2 97.Rh3 Rf8 98.Rh2+ Rf2 99.
Bc4+ Kf3 100.Bd5+ Kg3 101.Rh7 Rd2+ 102.Ke5 Rh2 103.Rg7+ Kf2 104.Be4 Rh5+ 
105.Kd4 Rh2 106.Rf7+ Kg3 107.Ke3 Rh4 108.Bf3 Rb4 109.Rg7+ Kh4 110.Be4 Ra4 
111.Kf4 Ra5 112.Rg1 Ra3 113.Bc6 Rc3 114.Rg7 Rc4+ 115.Be4 Rc5 116.Rg1 Rc3 
117.Bd5 Ra3 118.Rg8 Ra4+ 119.Be4 Ra3 120.Rg4+ 1/2-1/2

[Event "POL-chT2"]
[Site "Jastrzebia Gora POL"]
[Date "2016.09.??"]
[Round "1.13"]
[White "Simacek, Pavel"]
[Black "Skawinski, Arkadiusz"]
[Result "1-0"]
[WhiteElo "2448"]
[BlackElo "2340"]
[EventDate "2016.09.05"]

1.e4 e6 2.d4 d5 3.Nd2 Be7 4.Bd3 Nf6 5.e5 Nfd7 6.c3 b6 7.Ne2 Ba6 8.Bb1 c5 
9.O-O Nc6 10.Re1 Bxe2 11.Qxe2 cxd4 12.cxd4 Qc7 13.Nf3 Rc8 14.Bd2 O-O 15.
Bd3 Ndb8 16.Rac1 Qb7 17.a3 Na5 18.b4 Nc4 19.Bxc4 dxc4 20.Rxc4 Rxc4 21.Qxc4
Rc8 22.Qb3 b5 23.Rc1 Rxc1+ 24.Bxc1 Qc6 25.Be3 Nd7 26.d5 exd5 27.Nd4 Qc4 
28.Qxc4 bxc4 29.Nc6 Kf8 30.Bxa7 Ke8 31.Kf1 Bd8 32.Ke2 Bb6 33.Bxb6 Nxb6 34.
Ke3 Kd7 35.b5 Ke6 36.Kd4 g5 37.Nb4 g4 38.a4 Nxa4 39.Nxd5 Nb2 40.b6 Kd7 41.
b7 1-0

[Event "POL-chT2"]
[Site "Jastrzebia Gora POL"]
[Date "2016.09.??"]
[Round "1.14"]
[White "Luch, Michal"]
[Black "Sieciechowicz, Marcin"]
[Result "1/2-1/2"]
[WhiteElo "2436"]
[BlackElo "2457"]
[EventDate "2016.09.05"]

1.Nf3 Nf6 2.c4 g6 3.Nc3 d5 4.Qa4+ c6 5.cxd5 Nxd5 6.Nxd5 Qxd5 7.e4 Qd6 8.d4
Nd7 9.Be2 Nb6 10.Qc2 Bg4 11.Be3 Bg7 12.O-O O-O 13.a3 f5 14.Rad1 Rad8 15.h3
Bh5 16.Rfe1 f4 17.e5 Qd7 18.Bc1 Nd5 19.Ng5 Bxe2 20.Rxe2 h6 21.e6 Qe8 22.
Nf7 Rxf7 23.exf7+ Qxf7 24.Qb3 Rd7 25.Qf3 g5 26.Qg4 Rd8 27.h4 Nf6 28.Qf5 
Nd5 29.Qg4 Nf6 30.Qf5 Nd5 31.Qg4 Nf6 1/2-1/2

[Event "POL-chT2"]
[Site "Jastrzebia Gora POL"]
[Date "2016.09.??"]
[Round "1.15"]
[White "Sabuk, Piotr"]
[Black "Butkiewicz, Lukasz"]
[Result "1/2-1/2"]
[WhiteElo "2333"]
[BlackElo "2441"]
[EventDate "2016.09.05"]

1.d4 Nf6 2.c4 e6 3.g3 c5 4.d5 exd5 5.cxd5 d6 6.Nc3 g6 7.Nf3 Bg7 8.Bg2 O-O 
9.O-O a6 10.a4 Re8 11.Bf4 Nh5 12.Bg5 Bf6 13.Qc1 Bg4 14.Be3 Bxf3 15.Bxf3 
Ng7 16.Ne4 Be7 17.Bd2 Nd7 18.a5 Nf5 19.e3 Bf8 20.Bc3 Ne5 21.Be2 Bg7 22.Ra4
h5 23.h3 c4 24.Bxe5 Bxe5 25.Qxc4 Rc8 26.Qb3 Re7 27.Bd3 Rec7 28.Kg2 Bg7 29.
h4 Qe7 30.Nd2 Qe5 31.Rb4 Rc5 32.Nc4 Qxd5+ 33.e4 Qc6 34.Rb6 Nd4 35.Qa2 Rxc4
36.Rxc6 R4xc6 37.b3 Rc3 38.Bc4 Rc2 39.Qa4 Nc6 40.Re1 Ne5 41.Rd1 Bf8 42.Qb4
Ng4 43.Kg1 Nxf2 44.Rf1 Nh3+ 45.Kh1 Nf2+ 46.Rxf2 Rxf2 47.Qxb7 Re8 48.Kg1 
Re7 49.Qxa6 Rd2 50.Qc6 Bh6 51.Bd5 Be3+ 52.Kf1 Bc5 53.Qb5 Kh7 54.Qc4 Rd4 
1/2-1/2

[Event "POL-chT2"]
[Site "Jastrzebia Gora POL"]
[Date "2016.09.??"]
[Round "1.16"]
[White "Plichta, Kamil"]
[Black "Dlugosz, Jedrzej"]
[Result "1/2-1/2"]
[WhiteElo "2342"]
[BlackElo "2363"]
[EventDate "2016.09.05"]

1.c4 c5 2.g3 Nf6 3.Bg2 d5 4.cxd5 Nxd5 5.Nc3 Nc7 6.Nf3 Nc6 7.O-O e5 8.a3 f6
9.e3 c4 10.d4 cxd3 11.Ne1 Be6 12.Be4 Qd7 13.Nxd3 Bd6 14.Na4 Na6 15.b4 f5 
16.Bg2 e4 17.b5 Ne5 18.Nf4 Nb8 19.Nxe6 Qxe6 20.f3 exf3 21.Bxf3 Nxf3+ 22.
Qxf3 O-O 23.Qxb7 Nd7 24.Rb1 Nc5 25.Nxc5 Bxc5 26.Kg2 Rad8 27.Qc6 Qe5 28.a4 
Rd5 29.Rf3 Qe4 30.Rb2 Rfd8 31.Rf2 Bb6 32.Qc2 Rc5 33.Qa2+ Kh8 34.Bb2 Rcd5 
35.Qb3 h6 36.Qc3 R8d7 37.a5 Bc5 38.Qc2 Kh7 39.Qxe4 fxe4 40.Rf7 Bxe3 41.
Rxd7 Rxd7 42.Re2 Bd2 43.Rxe4 Bxa5 44.Bd4 Rd5 45.Kf3 Bb6 46.Bxb6 axb6 47.
Rb4 1/2-1/2

[Event "POL-chT2"]
[Site "Jastrzebia Gora POL"]
[Date "2016.09.??"]
[Round "1.17"]
[White "Kanicki, Krzysztof"]
[Black "Bronowicki, Mateusz"]
[Result "1-0"]
[WhiteElo "2172"]
[BlackElo "2277"]
[EventDate "2016.09.05"]

1.e4 e6 2.d4 d5 3.Nd2 c5 4.exd5 Qxd5 5.Ngf3 Nf6 6.Bc4 Qd8 7.O-O a6 8.dxc5 
Bxc5 9.a4 Nc6 10.Qe2 Qc7 11.Ne4 Be7 12.Bg5 Bd7 13.Bh4 Ne5 14.Nxe5 Qxe5 15.
Nxf6+ Bxf6 16.Bxf6 Qxf6 17.Bd5 Rb8 18.c3 O-O 19.Be4 a5 20.Qh5 g6 21.Qxa5 
Qf4 22.Qb4 Bc6 23.Rfe1 Rfd8 24.g3 Qg4 25.Bxc6 Qxb4 26.cxb4 bxc6 27.Re4 Rd2
28.Ra2 Rc2 29.a5 Kf8 30.a6 Ke7 31.a7 Ra8 32.Re5 Rc4 33.Rc5 Rxb4 34.Rxc6 
Kd7 35.Rc3 h5 36.h4 Rb7 37.Rca3 Rb4 38.Ra6 Kc7 39.Kg2 Kb7 40.R6a4 Rb3 41.
Rf4 f5 42.Rf3 Rb5 43.Rfa3 e5 44.Ra5 Kc6 45.Rxb5 Kxb5 46.Kf3 Kb6 47.Ke3 Kb5
48.Kd3 Rd8+ 49.Kc2 Rc8+ 50.Kb3 Ra8 51.Ra4 Kb6 52.Kc4 1-0

[Event "POL-chT2"]
[Site "Jastrzebia Gora POL"]
[Date "2016.09.??"]
[Round "1.18"]
[White "Przezdziecka, Ewa"]
[Black "Poznanska, Katarzyna"]
[Result "1/2-1/2"]
[WhiteElo "2173"]
[BlackElo "2106"]
[EventDate "2016.09.05"]

1.d4 Nf6 2.Nf3 g6 3.c4 Bg7 4.Nc3 O-O 5.Bg5 d6 6.e3 c6 7.Be2 Nbd7 8.Qc2 Re8
9.O-O e5 10.dxe5 dxe5 11.Rad1 Qa5 12.Nd2 Nc5 13.a3 Ne6 14.Bh4 Nf8 15.Qc1 
Be6 16.Nde4 Nxe4 17.Nxe4 h6 18.Nd6 Reb8 19.f4 exf4 20.exf4 Qb6+ 21.c5 Qxb2
22.Qe3 b6 23.f5 gxf5 24.Bh5 bxc5 25.Qxc5 Qb6 26.Qxb6 axb6 27.Nxf5 Bxf5 28.
Rxf5 Ng6 29.Bxg6 fxg6 30.Rf3 c5 31.Rd7 g5 32.Be1 Rd8 33.Rb7 Rd1 34.Kf2 Re8
35.Bc3 Bxc3 36.Rxc3 Rd2+ 37.Kf3 Rf8+ 38.Kg3 Rff2 39.Rxb6 Rxg2+ 40.Kf3 
Rgf2+ 41.Kg4 Kg7 42.Rxc5 Rf4+ 43.Kg3 Rd3+ 44.Kg2 Rd2+ 1/2-1/2

[Event "POL-chT2"]
[Site "Jastrzebia Gora POL"]
[Date "2016.09.??"]
[Round "1.19"]
[White "Szwed, Jacek"]
[Black "Jarmula, Lukasz"]
[Result "1/2-1/2"]
[WhiteElo "2330"]
[BlackElo "2350"]
[EventDate "2016.09.05"]

1.e4 c5 2.Nf3 d6 3.Bb5+ Nd7 4.d4 cxd4 5.Qxd4 a6 6.Bxd7+ Bxd7 7.c4 e5 8.Qd3
b5 9.Na3 Qb8 10.O-O h6 11.b3 Nf6 12.Bb2 Bc6 13.Rfe1 Qb7 14.Nd2 Be7 15.f3 
O-O 16.Nf1 Nd7 17.Ne3 Nc5 18.Qd2 b4 19.Nac2 a5 20.Nf5 Rfd8 21.Nxe7+ Qxe7 
22.Rad1 Rab8 23.Ne3 g6 24.Ng4 h5 25.Nf2 a4 26.Qe3 axb3 27.axb3 f6 28.Ra1 
Qc7 29.Red1 Rd7 30.Ra2 Rg7 31.Kh1 Bb7 32.Bc1 f5 33.Rb2 Qc6 34.Nd3 fxe4 35.
Nxc5 dxc5 36.Qxe4 Qxe4 37.fxe4 Bxe4 38.Re2 Bf5 39.Rxe5 Bc2 40.Rde1 Bxb3 
41.Rxc5 Bc2 42.Bb2 Ra7 43.Rb5 Rxb5 44.cxb5 Rb7 45.Re5 Bd3 46.Kg1 Bxb5 47.
Kf2 Kf7 48.Ke3 Bc6 49.g3 b3 50.Kd4 Bd7 51.Re2 Bf5 52.Kc5 Rc7+ 53.Kd6 Rd7+ 
54.Kc5 Rd3 55.Kb4 Rf3 56.Bc3 Be6 57.Rd2 g5 58.Re2 h4 59.gxh4 gxh4 60.Bd4 
h3 61.Ka3 Rd3 62.Bh8 Rd8 63.Be5 Ra8+ 64.Kb4 Rg8 65.Rf2+ Ke7 66.Kc3 Rc8+ 
67.Kb2 Rc4 68.Re2 Rg4 69.Kc3 Rg2 70.Rxg2 hxg2 71.Bd4 Kf7 72.Bc5 Kg6 73.Bb6
Kh5 74.Bc5 Kg4 75.Bd4 Bg8 76.Bc5 Kf3 77.Bb6 Ke2 78.h4 Kd1 79.Be3 Ke2 
1/2-1/2

[Event "POL-chT2"]
[Site "Jastrzebia Gora POL"]
[Date "2016.09.??"]
[Round "1.20"]
[White "Shkapenko, Pavel"]
[Black "Lach, Piotr"]
[Result "1/2-1/2"]
[WhiteElo "2426"]
[BlackElo "2128"]
[EventDate "2016.09.05"]

1.e4 c5 2.c3 d5 3.exd5 Qxd5 4.Nf3 Nc6 5.d4 e5 6.Nxe5 Nxe5 7.dxe5 Qxd1+ 8.
Kxd1 Bg4+ 9.f3 O-O-O+ 10.Ke1 Bf5 11.Bc4 f6 12.Nd2 fxe5 13.Bxg8 Rxg8 14.Ne4
Bxe4 15.fxe4 Be7 16.Ke2 Kd7 17.Be3 Ke6 18.Rhd1 b6 19.a4 a6 20.c4 Rxd1 21.
Rxd1 a5 22.Rd5 Rc8 23.Bf2 Rf8 24.Be3 Bd6 25.Bd2 Rf6 26.g4 Rf7 27.Rd3 g6 
28.Bg5 Bc7 29.b3 Rd7 30.Rd5 Bd6 31.Rd1 Be7 32.Rxd7 Kxd7 33.Bd2 g5 34.h3 h6
35.Kf3 Ke6 36.h4 Bd8 37.h5 Bf6 38.Kg2 Be7 39.Kf1 Bf6 40.Ke2 Be7 41.Kd1 Kd7
1/2-1/2

[Event "POL-chT2"]
[Site "Jastrzebia Gora POL"]
[Date "2016.09.??"]
[Round "1.21"]
[White "Watorek, Marcin"]
[Black "Mickiewicz, Piotr"]
[Result "0-1"]
[WhiteElo "2130"]
[BlackElo "2367"]
[EventDate "2016.09.05"]

1.d4 g6 2.c4 Bg7 3.Nc3 c5 4.d5 Bxc3+ 5.bxc3 f5 6.h4 Qa5 7.Bd2 Nf6 8.h5 g5 
9.Qc2 Ne4 10.g4 Nxd2 11.Qxd2 d6 12.gxf5 Bxf5 13.Bh3 g4 14.Bg2 Na6 15.e4 
Bd7 16.Ne2 O-O-O 17.Rb1 Nc7 18.Nf4 Qa4 19.Qb2 b6 20.Qb3 Rhf8 21.Nd3 e5 22.
Rh4 Qa6 23.a3 Rf7 24.Ra1 g3 25.f4 exf4 26.Rxf4 Rxf4 27.Nxf4 Rf8 28.Nd3 Ba4
29.Qa2 b5 30.Qe2 bxc4 31.Bh3+ Kb8 32.Rb1+ Bb5 33.Nxc5 dxc5 34.Qxc4 g2 35.
Bxg2 Qb6 36.Qb3 c4 37.Qc2 Qg1+ 0-1

[Event "POL-chT2"]
[Site "Jastrzebia Gora POL"]
[Date "2016.09.??"]
[Round "1.22"]
[White "Bartel, Michal"]
[Black "Kudas, Damian"]
[Result "1/2-1/2"]
[WhiteElo "2327"]
[BlackElo "2120"]
[EventDate "2016.09.05"]

1.e4 c5 2.Nf3 d6 3.Bb5+ Bd7 4.Bxd7+ Qxd7 5.O-O Nc6 6.c3 Nf6 7.Qe2 e6 8.d4 
cxd4 9.cxd4 d5 10.e5 Ne4 11.Be3 Be7 12.Ne1 f6 13.f3 Ng5 14.Nd3 fxe5 15.
dxe5 O-O 16.Nd2 Nf7 17.f4 b6 18.Bf2 Nh6 19.h3 Rac8 20.Nf3 Nb4 21.Nxb4 Bxb4
22.g3 Bc5 23.Kh2 Bxf2 24.Rxf2 Rc4 25.Rd1 Qe7 26.b3 Re4 27.Qc2 Nf5 28.Qc6 
Qe8 29.Rc1 Qg6 30.Ng5 Nd4 31.Qd7 Rxe5 32.Rc8 Rf5 33.Rd2 Rxc8 34.Qxc8+ Rf8 
35.Qc3 h6 36.Nf3 Nxf3+ 37.Qxf3 Rc8 38.f5 Qxf5 39.Qxf5 exf5 40.Rxd5 Rc2+ 
41.Kg1 Rxa2 42.Rxf5 Rb2 43.Rf3 a5 44.Kf1 b5 45.Ke1 g5 46.Kd1 a4 47.bxa4 
bxa4 48.Kc1 Rh2 1/2-1/2

[Event "POL-chT2"]
[Site "Jastrzebia Gora POL"]
[Date "2016.09.??"]
[Round "1.23"]
[White "Stanach, Fabian"]
[Black "Czajkowski, Adam"]
[Result "1/2-1/2"]
[WhiteElo "2058"]
[BlackElo "2095"]
[EventDate "2016.09.05"]

1.d4 Nf6 2.c4 g6 3.Nc3 Bg7 4.e4 d6 5.Bd3 e5 6.d5 O-O 7.Nge2 Na6 8.O-O Nh5 
9.a3 f5 10.exf5 gxf5 11.f4 Nc5 12.Bc2 Qe7 13.Rb1 Bd7 14.b4 Ne4 15.Nxe4 
fxe4 16.Bxe4 exf4 17.Bf3 Bf5 18.Rb3 Bg6 19.Bd2 Qh4 20.Be1 Qe7 21.Bf2 Be5 
22.Re1 Ng7 23.Nd4 Rae8 24.Bg4 Kh8 25.Rh3 a6 26.Bh4 Qf7 27.Ne6 Nxe6 28.dxe6
Qg7 29.Bg5 Bf5 30.Bxf5 Rxf5 31.Bh6 Qg6 32.Qf3 Rxe6 33.Rf1 c6 34.Rh4 Bd4+ 
35.Kh1 Re3 36.Qf2 Re4 37.Qf3 Re3 38.Qf2 Rd3 39.Qe2 Re3 40.Qf2 1/2-1/2

[Event "POL-chT2"]
[Site "Jastrzebia Gora POL"]
[Date "2016.09.??"]
[Round "1.24"]
[White "Gasik, Anna"]
[Black "Adamowicz, Katarzyna"]
[Result "1-0"]
[WhiteElo "2184"]
[BlackElo "2167"]
[EventDate "2016.09.05"]

1.e4 e5 2.Nc3 Nc6 3.g3 g6 4.Bg2 Bg7 5.Nge2 Nge7 6.d3 O-O 7.h4 h6 8.h5 g5 
9.f4 gxf4 10.gxf4 d5 11.f5 d4 12.Nb1 Kh7 13.Nd2 Bf6 14.Nf3 Qd6 15.Qd2 Ng8 
16.Neg1 a5 17.Rh3 b5 18.Rg3 Nce7 19.a4 Bd7 20.axb5 a4 21.Nh3 Bxb5 22.Nf2 
Ra6 23.Kf1 c5 24.Kg1 c4 25.Ng4 Bg7 26.f6 Nxf6 27.Ngxe5 Nxh5 28.Rh3 Ng6 29.
dxc4 Be8 30.c5 Qxc5 31.Nd3 Qb5 32.e5 f6 33.Rxh5 Nxe5 34.Rh4 Bg6 35.Nf4 Nc4
36.Qf2 Bf7 37.Nxd4 Qe5 38.Nd3 Qe8 39.Nf5 h5 40.Nxg7 Kxg7 41.Qg3+ Kh8 42.b3
Ne5 43.Nxe5 fxe5 44.Raxa4 Rg8 45.Qxg8+ Qxg8 46.Rxa6 Qg3 47.Re4 Bd5 48.Raa4
Bxe4 49.Rxe4 Qc3 50.Bg5 Qxc2 51.Bf6+ Kg8 52.b4 Kf7 53.Bxe5 Kg6 54.Bg3 Kg5 
55.Kh2 Kf6 56.b5 Qb3 57.Bf1 Qc2+ 58.Re2 Qb3 59.Bc7 Qf3 60.Kg1 Qg4+ 61.Rg2 
Qd4+ 62.Rf2+ Ke7 63.b6 Kd7 64.Bh3+ Kc6 65.Bg2+ Kd7 66.Bf3 h4 67.Kg2 h3+ 
68.Kg3 Kc8 69.b7+ Kxc7 70.Rc2+ Kd7 71.b8=Q Qg1+ 72.Kh4 Qe1+ 73.Kh5 1-0